Atlas of full-endoscopic spine surgery / (Record no. 7659)
[ view plain ]
| 000 -記錄標示 | |
|---|---|
| fixed length control field | 01001cam a2200325 a 4500 |
| 001 - 控制號(記錄識別欄) | |
| control field | 332471 |
| 003 - 控制號標識 | |
| 控制識別號 | yeezen |
| 005 - 最後更新時間 | |
| control field | 20250717160701.0 |
| 008 - 定長欄資料代碼 | |
| fixed length control field | 211005s2020 nyua e bf 001 0 eng |
| 010 ## - 美國國會圖書館控制號 | |
| 美國國會圖書館控制號碼 | 2019052183 |
| 020 ## - 國際標準書號 | |
| 國際標準書號 | 9781684200238 |
| 限定資訊 | (pbk.) |
| 020 ## - 國際標準書號 | |
| 取消或無效的ISBN | 9781684200245 |
| 限定資訊 | (ebk.) |
| 035 ## - 系統控制號 | |
| 系統控制號 | 1758237 |
| 040 ## - 編目來源 | |
| 原編目機構 | DNLM/DLC |
| 編目語言 | eng |
| 移轉機構 | DLC |
| 修改機構 | C5M |
| 042 ## - 編目審定機構代碼 | |
| 編定審定機構代碼 | nbic |
| 050 00 - 美國國會圖書館分類號 | |
| 分類號 | RD533 |
| 書號 | 617.471 |
| 060 #4 - 美國國家醫學圖書館索書號 | |
| 分類號 | WE17 |
| 245 00 - 題名及著者敘述項 | |
| 正題名 | Atlas of full-endoscopic spine surgery / |
| 著者敍述 | [edited by] Christoph P. Hofstetter ... [et al.] |
| 260 ## - 出版項 | |
| 出版地 | New York : |
| 出版者 | Thieme, |
| 出版年 | 2020 |
| 300 ## - 稽核項 | |
| 數量(面數, 冊數或其他) | xiv, 140 p. : |
| 插圖及其他 | ill. ; |
| 高廣尺寸 | 28 cm. |
| 504 ## - 書目註 | |
| 書目註 | Includes bibliographical references and index. |
| 520 ## - 摘要、提要註 | |
| 指定來源 | Provided by publisher. |
| 650 12 - 標題附加款目--主題用語 | |
| 主題用語 | Spine |
| 一般複分 | surgery. |
| 650 12 - 標題附加款目--主題用語 | |
| 主題用語 | Endoscopy |
| 一般複分 | methods. |
| 655 #2 - 索引詞彙--類型或形式 | |
| 體裁/形式資料或核心主題詞 | Atlas. |
| 655 #2 - 索引詞彙--類型或形式 | |
| 體裁/形式資料或核心主題詞 | Handbook. |
| 700 1# - 附加款目--個人名稱 | |
| 個人姓名 | Hofstetter, Christoph P. |
| 856 41 - 電子資源位址及檢索方法 | |
| 統一資源識別符 | <a href="https://medone.thieme.com/">https://medone.thieme.com/</a> |
| 公開顥示之附註 | P+E電子書, 登入方式請參見紙本圖書內頁或ERMG |
| 942 ## - 附加款目元素 (KOHA) | |
| 分類法來源 | 美國國家醫學圖書館圖書分類法 |
| Koha 館藏類型 | 西文圖書 |
| 撤銷狀態 | 遺失狀態 | 分類號來源 | 損壞狀態 | 不外借 | 永久館藏地 | 現在館藏地 | 書架位置 | 採購日期 | 全部借出 | 全部續借 | 完整索書號 | 條碼號 | 還書日 | 最後一次日期記錄 | Date last checked out | 一般價格有效日期 | Koha館藏類型 |
|---|---|---|---|---|---|---|---|---|---|---|---|---|---|---|---|---|---|
| 未註銷館藏 | 未遺失 | 美國國家醫學圖書館圖書分類法 | 未損毀 | 可外借 | 怡仁綜合醫院圖書館 | 怡仁綜合醫院圖書館 | 醫務部 | 2025-07-17 | 3 | 1 | WE17 | E01283 | 2026-06-30 | 2026-01-05 | 2026-01-05 | 2025-07-17 | 長期借閱書籍 |